[Event "BCF-ch AM op"]
[Site "Hull"]
[Date "2024.07.30"]
[Round "2"]
[White "Pick, Freddie"]
[Black "Sharma, Josh"]
[Result "1/2-1/2"]
[WhiteElo "1955"]
[BlackElo "1818"]
[PlyCount "70"]
[EventDate "2024.07.29"]
[EventType "swiss"]
[EventRounds "6"]
[EventCountry "ENG"]
[SourceTitle "CBM 221 Extra"]
[Source "ChessBase"]
[SourceDate "2024.09.30"]
[SourceVersion "1"]
[SourceVersionDate "2024.09.30"]
[SourceQuality "1"]

1. c4 e6 2. Nc3 d5 3. cxd5 exd5 4. d4 Nf6 5. Bg5 Bb4 6. e3 h6 7. Bxf6 Qxf6 8. Bd3 c6 9. Qf3 Qxf3 10. Nxf3 Be6 11. 0-0 Nd7 12. Rfc1 Bd6 13. Rab1 a5 14. Na4 0-0 15. Rc2 Rfc8 16. Rbc1 Kf8 17. Nd2 Ke7 18. Nb3 g6 19. Nbc5 Nxc5 20. Nxc5 Bxc5 21. Rxc5 Kd7 22. R5c3 b6 23. a3 Kd6 24. b4 axb4 25. axb4 Ra4 26. Rb1 Rca8 27. f3 Ra3 28. Rbb3 Rxb3 29. Rxb3 Ra2 30. h3 h5 31. h4 Bc8 32. Kh2 Ba6 33. Bxa6 Rxa6 34. Kg3 f6 35. Kf4 Ra1 1/2-1/2

[Event "Hastings Weekend op-A"]
[Site "Hastings"]
[Date "2024.01.06"]
[Round "2"]
[White "Keohane, Benedict A"]
[Black "Sharma, Josh"]
[Result "0-1"]
[WhiteElo "1937"]
[BlackElo "1632"]
[PlyCount "70"]
[EventDate "2024.01.06"]
[EventType "swiss"]
[EventRounds "5"]
[EventCountry "ENG"]
[SourceTitle "CBM 218 Extra"]
[Source "ChessBase"]
[SourceDate "2024.03.31"]
[SourceVersion "1"]
[SourceVersionDate "2024.03.31"]
[SourceQuality "1"]

1. e4 e5 2. f4 Nc6 3. Nf3 f5 4. d3 d6 5. Nc3 Nf6 6. fxe5 dxe5 7. Bg5 Be7 8. Nh4 Ng4 9. Nxf5 Bxg5 10. Qxg4 g6 11. h4 Bf6 12. Nd5 Nd4 13. 0-0-0 c6 14. c3 cxd5 15. cxd4 exd4 16. Re1 gxf5 17. Qh5+ Kf8 18. exf5 Bd7 19. g4 Qa5 20. Qh6+ Kf7 21. Bg2 Qxa2 22. Bxd5+ Qxd5 23. Qh5+ Kf8 24. g5 Be8 25. Qg4 Qa2 26. Rxe8+ Rxe8 27. gxf6 Rc8+ 28. Kd1 Qb1+ 29. Ke2 Qc2+ 30. Ke1 Re8+ 31. Kf1 Qxd3+ 32. Kf2 Qe3+ 33. Kf1 Qe1+ 34. Kg2 Re2+ 35. Kf3 Qf2# 0-1

[Event "Berkshire Berks & Bucks op-B"]
[Site "Berkshire"]
[Date "2023.08.26"]
[Round "2"]
[White "Schell, Finn"]
[Black "Sharma, Josh"]
[Result "1-0"]
[WhiteElo "1624"]
[BlackElo "1618"]
[PlyCount "143"]
[EventDate "2023.08.26"]
[EventType "swiss"]
[EventRounds "6"]
[EventCountry "ENG"]
[SourceTitle "CBM 216 Extra"]
[Source "ChessBase"]
[SourceDate "2023.11.30"]
[SourceVersion "1"]
[SourceVersionDate "2023.11.30"]
[SourceQuality "1"]

1. e4 e5 2. Nf3 Nc6 3. Bb5 a6 4. Ba4 Nf6 5. d3 d6 6. c3 g6 7. 0-0 Bg7 8. Re1 0-0 9. Nbd2 b5 10. Bc2 Re8 11. Nf1 h6 12. Ng3 Bb7 13. h4 h5 14. Ng5 Qd7 15. f4 exf4 16. Bxf4 Ng4 17. Bb3 Nd8 18. d4 Ne6 19. Rf1 Nxg5 20. Bxg5 Rf8 21. Qd3 Kh8 22. Bc2 Bh6 23. Qd2 Bxg5 24. Qxg5 Qd8 25. Qxd8 Raxd8 26. Bb3 Kg7 27. Rf4 c5 28. Raf1 c4 29. Bd1 Ne3 30. Re1 Nxd1 31. Rxd1 Rde8 32. Rdf1 d5 33. e5 Bc8 34. Rf6 Be6 35. Ne2 Re7 36. Nf4 Rfe8 37. Nxe6+ fxe6 38. R1f3 Kh7 39. Kf2 a5 40. a3 a4 41. Kg3 Rg7 42. Kf4 Kh6 43. g4 Rge7 44. gxh5 Kxh5 45. Rg3 Rg8 46. Rg5+ Kxh4 47. Rgxg6 Rxg6 48. Rxg6 Kh5 49. Rf6 Re8 50. Rf7 Rb8 51. Re7 Rb6 52. Rd7 Kg6 53. Kg4 Rb8 54. Ra7 Rb6 55. Re7 Kh6 56. Rf7 Kg6 57. Rf6+ Kg7 58. Kg5 Rc6 59. Rg6+ Kf7 60. Kh6 Ke7 61. Rg7+ Kf8 62. Rb7 Ra6 63. Kg6 Ke8 64. Rxb5 Kd7 65. Rb7+ Kc6 66. Re7 Kb5 67. Kf6 Ra8 68. Kxe6 Rb8 69. Kxd5 Ka6 70. Kxc4 Rxb2 71. d5 Rb3 72. d6 1-0

[Event "ENG-ch U14"]
[Site "Milton Keynes"]
[Date "2021.10.03"]
[Round "5"]
[White "Sharma, Josh"]
[Black "Mehta, Shaurya"]
[Result "0-1"]
[WhiteElo "1540"]
[BlackElo "1638"]
[PlyCount "48"]
[EventDate "2021.10.02"]
[EventType "swiss"]
[EventRounds "5"]
[EventCountry "ENG"]
[SourceTitle "EXT 2023"]
[Source "ChessBase"]
[SourceDate "2022.10.05"]
[SourceVersion "1"]
[SourceVersionDate "2022.10.05"]
[SourceQuality "1"]

1. e4 e5 2. Nf3 Nc6 3. Bc4 Bc5 4. 0-0 Nf6 5. d4 Bxd4 6. Nxd4 Nxd4 7. Bg5 h6 8. Bh4 g5 9. f4 d5 10. exd5 Bg4 11. Qe1 e4 12. fxg5 hxg5 13. Bxg5 Qd6 14. Rxf6 Qxh2+ 15. Kf2 Qe5 16. Rf4 Bf5 17. Bd3 Rg8 18. Qe3 f6 19. Bxf6 Qxf6 20. Bxe4 0-0-0 21. Bxf5+ Nxf5 22. Qe4 Qb6+ 23. Kf3 Rg3+ 24. Ke2 Re3+ 0-1

[Event "ENG-ch U14"]
[Site "Milton Keynes"]
[Date "2021.10.03"]
[Round "4"]
[White "Vaidya, Raghav"]
[Black "Sharma, Josh"]
[Result "1/2-1/2"]
[WhiteElo "1524"]
[BlackElo "1540"]
[PlyCount "65"]
[EventDate "2021.10.02"]
[EventType "swiss"]
[EventRounds "5"]
[EventCountry "ENG"]
[SourceTitle "EXT 2023"]
[Source "ChessBase"]
[SourceDate "2022.10.05"]
[SourceVersion "1"]
[SourceVersionDate "2022.10.05"]
[SourceQuality "1"]

1. c4 Nf6 2. Nc3 g6 3. g3 Bg7 4. Bg2 0-0 5. d4 d6 6. Nf3 Nc6 7. 0-0 a6 8. d5 Na5 9. b3 Rb8 10. Bg5 h6 11. Bd2 b5 12. cxb5 axb5 13. b4 Nc4 14. Rc1 Nxd2 15. Qxd2 e5 16. dxe6 fxe6 17. Nd4 Qe8 18. Bc6 Bd7 19. Bxd7 Qxd7 20. Qd3 c6 21. Qxg6 Rbe8 22. Ne4 c5 23. bxc5 dxc5 24. Nf3 Nxe4 25. Qxe4 Rf5 26. Rfd1 Rd5 27. Qc2 c4 28. e4 Rxd1+ 29. Rxd1 Qc6 30. Nd4 Qb6 31. Nf3 Qc6 32. Nd4 Qb6 33. Nf3 1/2-1/2